| 000 | 00858cam a2200277 a 4500 | ||
|---|---|---|---|
| 001 | 000019615 | ||
| 005 | 20260317133558.0 | ||
| 008 | 761221s1950 sp 001 e spa d | ||
| 010 | _aa 51004964 | ||
| 035 | _a(DLC)a 51004964 | ||
| 035 | _a(OCoLC)2639070 | ||
| 040 |
_aDO-SdBNP _cTxSmS _dOCoLC _dDLC |
||
| 082 |
_a901 _bR763h |
||
| 100 | 1 |
_aRomero, Francisco, _d1891-1962. _942056 |
|
| 245 | 1 | 3 |
_aEl hombre y la cultura / _cFrancisco Romero. |
| 260 |
_aMadrid : _bEspasa-Calpe, _c1950. |
||
| 300 |
_a147 p. ; _c18 cm. |
||
| 490 | 0 |
_aAustral. Verde : ensayo y filosofía _v940 |
|
| 500 | _aIncluye índice de autores | ||
| 650 | 4 |
_aFilosofía de la historia. _94944 |
|
| 650 | 0 |
_aCultura _989224 |
|
| 650 | 0 |
_aCivilización _94943 |
|
| 830 | 0 |
_aAustral. _pVerde : Ensayo y filosofía _942057 |
|
| 910 | _aCatalogación derivada / LC | ||
| 049 | _aBNGR | ||
| 999 |
_c19131 _d19131 |
||